History Quiz

Random History or Nation Quiz

FBI Directors (US) Quiz Stats

 Plays Quiz Updated Apr 16, 2018

Challenge
Share
Tweet
Embed
Score 0/8 Timer 04:00
0 Plays Today
Year FBI Director % Correct
1936-1972J. Edgar Hoover
91.7%
2013-2017James B. Comey
88.8%
2017-Christopher A. Wray
50%
2001–2013Robert Mueller
20.8%
1993–2001Louis Freeh
19.5%
1987–1993William S. Sessions
19.3%
1978–1987William H. Webster
10.1%
1973–1978Clarence M. Kelley
8.2%

You're not logged in!

Compare scores with friends on all Sporcle quizzes.
Join for Free
OR
Log In

You Might Also Like...

Show Comments

Extras

Top Quizzes Today


Score Distribution

Your Account Isn't Verified!

In order to create a playlist on Sporcle, you need to verify the email address you used during registration. Go to your Sporcle Settings to finish the process.

Report this User

Report this user for behavior that violates our Community Guidelines.

Details: